000 00394 a2200145 4500
999 _c9569
_d9569
022 _I00000
050 _aKTZ 2.2 ZIM 1989
100 _aRowland, J Reid
245 _aThe Zimbabwe Law Reports 1989
_bpart 2
_cJ Reid Rowland
264 _aHarare
_bLegal resource foundation
_c1989
300 _a366p.
500 _aLaw reports
650 _aLaw-- law reports
942 _2lcc
_cSERIALS
_h2.2
_iZIM
_kKTZ